000 00543nam a2200193Ia 4500
003 OSt
005 20230608155239.0
008 210423s2004 xx 000 0 und d
040 _cAL
082 _a305.56 BHOM
_223
100 _aBHOSALE (B V)
_9122792
245 _aMotivation of backward communitus in india
260 _aNew Delhi
_bDeep and deep publication
_c2004
365 _b680
_cINR
650 _aSocial Classes
_9122793
650 _aSociology
_9122794
906 _abackward ; communitus ; india ; Motivation
942 _2ddc
_cBK
999 _c174060
_d174060